<?xml version="1.0" encoding="UTF-8"?>
<record
    xmlns:xsi="http://www.w3.org/2001/XMLSchema-instance"
    xsi:schemaLocation="http://www.loc.gov/MARC21/slim http://www.loc.gov/standards/marcxml/schema/MARC21slim.xsd"
    xmlns="http://www.loc.gov/MARC21/slim">

  <leader>02974    a2200193   4500</leader>
  <controlfield tag="001">53274</controlfield>
  <controlfield tag="005">20260407155807.0</controlfield>
  <controlfield tag="008">260407a1972    arg                 spa d</controlfield>
  <controlfield tag="003">AR-UNSa-BCEJYS</controlfield>
  <datafield tag="040" ind1=" " ind2=" ">
    <subfield code="a">AR-UNSa-BCEJYS</subfield>
    <subfield code="b">spa</subfield>
    <subfield code="c">AR-UNSa-BCEJYS</subfield>
  </datafield>
  <datafield tag="080" ind1=" " ind2=" ">
    <subfield code="a">336.71</subfield>
    <subfield code="x">Bancos. Sistema bancario </subfield>
  </datafield>
  <datafield tag="245" ind1="1" ind2="0">
    <subfield code="a">La creaci&#xF3;n del Banco Central y la experiencia monetaria Argentina entre los a&#xF1;os 1935-1943</subfield>
  </datafield>
  <datafield tag="264" ind1=" " ind2="1">
    <subfield code="a">Buenos Aires :</subfield>
    <subfield code="b">Banco Central de la Rep&#xFA;blica Argentina</subfield>
    <subfield code="c">1972</subfield>
  </datafield>
  <datafield tag="300" ind1=" " ind2=" ">
    <subfield code="a">588 p.</subfield>
    <subfield code="c">26 cm.</subfield>
  </datafield>
  <datafield tag="505" ind1=" " ind2=" ">
    <subfield code="a">VOL. I: 1. Las funciones reguladoras del Banco Central - 2. Influencia de las medidas reguladoras sobre la situaci&#xF3;n monetaria-crediticia - 3. Pol&#xED;tica de cambios - 4. La pol&#xED;tica de absorci&#xF3;n de fondos - 5. El ciclo econ&#xF3;mico y la pol&#xED;tica monetaria - 6. La absorci&#xF3;n monetaria y el problema c&#xED;clico - 7. Consecuencias del estallido de la Segunda Guerra Mundial - 8. Las medidas de emergencias al iniciarse la guerra - 9. El mercado de t&#xED;tulos - 10. Nuevas medidas ante la intensificaci&#xF3;n del conflicto b&#xE9;lico - 11. Los problemas originados por la continuaci&#xF3;n del conflicto europeo - 12. Profundas alteraciones de la econom&#xED;a argentina provocadas por la guerra - 13. Desenvolvimiento de la econom&#xED;a argentina - 14. La moneda, los bancos y la bolsa - 15. Algunos problemas de la pos guerra - 16. Exito en sortear las dificultades provocadas por el conflicto b&#xE9;lico - 17. El desenvolvimiento econ&#xF3;mico y monetario de los &#xFA;ltimos a&#xF1;os de la Segunda Guerra Mundial - (Parte I): 1. Introducci&#xF3;n - (Parte II): 2. El control de cambios -  3. Bases de an&#xE1;lisis - 4. acontecimientos que impusieron el control de cambios - 5. Las cinco fases del sistema de control - 6. An&#xE1;lisis cr&#xED;tico del sistema de control de cambios - (Parte II): 7. Aspectos generales - 8. Etapas de la pol&#xED;tica monetaria - (Parte IV): 9. Desarrollo del an&#xE1;lisis - 10. Pol&#xED;tica de cambios - 11. Coordinaci&#xF3;n de la pol&#xED;tica econ&#xF3;mica y la de cambios - (Parte V): 12. La pol&#xED;tica de cambios en la transici&#xF3;n inicial de la pos guerra - 13. La pol&#xED;tica monetaria interna - 14. La pol&#xED;tica monetria y el crecimiento de la econom&#xED;a internacional - 15. La unidad de concepci&#xF3;n y ejecuci&#xF3;n de la pol&#xED;tica monetaria, financiera y econ&#xF3;mica - 16. La pol&#xED;tica monetaria nacional y los planes monetarios internacionales - 17. El banco como consejero y ejecutor de las operaciones del Tesoro - 18. Regulaci&#xF3;n del mercado  - VOL. II: 1. Las funciones del Banco Central - 2. La inspecci&#xF3;n de bancos en el Banco Central - 3. La Oficina de Investigaciones Econ&#xF3;micas - 4. Mensaje al H congreso de la Naci&#xF3;n - 5. Proyectos - 6. Documento acerca de la comis&#xF3;n que elabor&#xF3; en 1931 un anteproyecto de creaci&#xF3;n de un Banco Central( Proyecto de Uriburu) - 7. Debate parlamentario - 8. Ley de creaci&#xF3;n (12.155) - 9. Ley de organizaci&#xF3;n (12.160)</subfield>
  </datafield>
  <datafield tag="942" ind1=" " ind2=" ">
    <subfield code="c">BK</subfield>
  </datafield>
  <datafield tag="590" ind1=" " ind2=" ">
    <subfield code="a">niveau_biblio:m niveau_hierar:0</subfield>
  </datafield>
  <datafield tag="100" ind1="1" ind2=" ">
    <subfield code="a">Banco Central de la Rep&#xFA;blica Argentina</subfield>
  </datafield>
  <datafield tag="999" ind1=" " ind2=" ">
    <subfield code="c">5165</subfield>
    <subfield code="d">5165</subfield>
  </datafield>
  <datafield tag="952" ind1=" " ind2=" ">
    <subfield code="0">0</subfield>
    <subfield code="1">0</subfield>
    <subfield code="4">0</subfield>
    <subfield code="7">0</subfield>
    <subfield code="a">BCEJYS</subfield>
    <subfield code="b">BCEJYS</subfield>
    <subfield code="c">16</subfield>
    <subfield code="d">2026-04-07</subfield>
    <subfield code="l">0</subfield>
    <subfield code="o">336.71 B213b v.1</subfield>
    <subfield code="p">L25305</subfield>
    <subfield code="r">2026-04-07 15:58:07</subfield>
    <subfield code="w">2026-04-07</subfield>
    <subfield code="y">L</subfield>
  </datafield>
  <datafield tag="952" ind1=" " ind2=" ">
    <subfield code="0">0</subfield>
    <subfield code="1">0</subfield>
    <subfield code="4">0</subfield>
    <subfield code="7">0</subfield>
    <subfield code="a">BCEJYS</subfield>
    <subfield code="b">BCEJYS</subfield>
    <subfield code="c">16</subfield>
    <subfield code="d">2026-04-07</subfield>
    <subfield code="l">0</subfield>
    <subfield code="o">336.71 B213b v.2</subfield>
    <subfield code="p">L25306</subfield>
    <subfield code="r">2026-04-07 15:58:07</subfield>
    <subfield code="w">2026-04-07</subfield>
    <subfield code="y">L</subfield>
  </datafield>
</record>
